Holiday Quiz

Random Holiday or Halloween Quiz

Pitbulls Dressed for Halloween Quiz Stats

 Plays Quiz Updated Oct 27, 2017

Score 0/16 Timer 03:00
6 Plays Today
% Correct
Bee
97.5%
Pumpkin
97%
Superman
96.9%
Grapes
96.8%
Teddy Bear
96.7%
Sheriff
96.6%
Lion
96.5%
Skeleton
96.4%
% Correct
Witch
96.3%
Football Player
96.2%
Hippopotamus
95.7%
Poodle
95.4%
Queen Elizabeth
95.2%
Pirate
94%
Squirrel
93.5%
Dinosaur
91.7%

You're not logged in!

Compare scores with friends on all Sporcle quizzes.
OR
Log In

You Might Also Like...

Show Comments

Extras

Top Quizzes Today


Score Distribution

Your Account Isn't Verified!

In order to create a playlist on Sporcle, you need to verify the email address you used during registration. Go to your Sporcle Settings to finish the process.

Report this User

Report this user for behavior that violates our Community Guidelines.

Details: